| 000 | 00537nam a2200193Ia 4500 | ||
|---|---|---|---|
| 003 | GCL | ||
| 008 | 140319s9999 xx 000 0 ara d | ||
| 040 |
_aGCL / _cGCL |
||
| 082 | 0 | 4 |
_a530.1 _bب ن |
| 100 | 1 | _aبولخماير مختار | |
| 245 | 1 | 0 |
_aنظرية الطبيعيات عند ابن رشد / _cبولخماير مختار |
| 260 |
_a[S.N] : _bدار الحداثة ، _c1986 |
||
| 300 | _a311 ص | ||
| 490 | _a | ||
| 650 | 0 | 4 | _aالعلم |
| 650 | 0 | 4 | _aالفيزياء |
| 650 | 0 | 4 | _aالطبيعة |
| 942 |
_2ddc _cBK |
||
| 999 |
_c27596 _d27596 |
||